Histoire du droit des gens et des relations internationales : études sur l'histoire de l'humanité. (Record no. 157269)

MARC details
000 -LEADER
campo de control de longitud fija 00867nam a2200229 i 4500
001 - NÚMERO DE CONTROL
campo de control 157269
003 - IDENTIFICADOR DE NÚMERO DE CONTROL
campo de control ES-MaACL
005 - FECHA Y HORA DE LA ÚLTIMA TRANSACCIÓN
campo de control 20250809063527.0
008 - DATOS DE LONGITUD FIJA--INFORMACIÓN GENERAL
campo de control de longitud fija 950206s1861 be |||| | fre d
040 ## - FUENTE DE CATALOGACIÓN
Centro catalogador/agencia de origen CLM
100 1# - ENTRADA PRINCIPAL--NOMBRE DE PERSONA
Nombre de persona Laurent, François,
Fechas asociadas al nombre 1810-1887
9 (RLIN) 128741
245 12 - MENCIÓN DEL TÍTULO
Título Histoire du droit des gens et des relations internationales : études sur l'histoire de l'humanité.
Número de parte o sección de la obra Tome I,
Nombre de parte o sección de la obra L'Orient.
250 ## - MENCION DE EDICION
Mención de edición 2e éd. corrigée.
260 ## - PUBLICACIÓN, DISTRIBUCIÓN, ETC.
Lugar de publicación, distribución, etc. Bruxelles :
Nombre del editor, distribuidor, etc. Meline, Cans et compagnie,
Fecha de publicación, distribución, etc. 1861.
300 ## - DESCRIPCIÓN FÍSICA
Extensión XII, 556 p. ;
Dimensiones 21 cm.
490 1# - MENCIÓN DE SERIE
Mención de serie Etudes sur l'histoire de l'humanité
650 #7 - PUNTO DE ACCESO ADICIONAL DE MATERIA--TÉRMINO DE MATERIA
Término de materia o nombre geográfico como elemento de entrada Derecho internacional público-
Subdivisión de forma Historia
Fuente del encabezamiento o término
9 (RLIN) 163248
651 #4 - PUNTO DE ACCESO ADICIONAL DE MATERIA--NOMBRE GEOGRÁFICO
Nombre geográfico Oriente medio-
Subdivisión general Historia-
Subdivisión cronológica Hasta 622.
9 (RLIN) 9134
830 0# - PUNTO DE ACCESO ADICIONAL DE SERIE-TÍTULO UNIFORME
Título uniforme Etudes sur l'histoire de l'humanité
9 (RLIN) 188106
852 ## - LOCALIZACIÓN
Ubicación ES-MaACL
Número de control de estantería D-4566
Nota libre -- Enc. hol.
Holdings
Estatus retirado Estado de pérdida Estado de daño No para préstamo Colección Biblioteca de origen Biblioteca actual Ubicación en estantería Fecha de adquisición Fuente de adquisición Total de préstamos Signatura topográfica completa Código de barras Visto por última vez Precio de reemplazo Tipo de ítem Koha
        Libros del s. XIX Biblioteca del Ateneo de Madrid Biblioteca del Ateneo de Madrid Sala Valle Inclán 17/01/2008     D-4566 901164574 23/02/2023 23/02/2023 Libro impreso antiguo